Responses for Show #1328 - Wednesday, May 16, 1990

1990 College Championship semifinal game 3.

Contestants

[<< previous game]

Katie Polk, a senior from the College of William and Mary

Joey Burgoon, a senior from Georgia Tech

Michael Thayer, a junior from Rutgers College

[next game >>]

Jeopardy! Round responses

TRAVEL & TOURISM
TELEVISION
ECOLOGY
"G" WHIZ
CHILDREN'S LITERATURE
APPLES
(Alex: Something that's good for all of us.)
    $100 1
Yellowstone

Joey
    $100 16
Family Ties

Michael
    $100 11
Decompose

Joey
    $100 6
Griffin

Michael
    $100 21
Hans Christian Andersen

Joey
    $100 26
Johnny Appleseed

Michael
    $200 2
Houston

Joey
    $200 17
Newhart

Michael
    $200 12
(Alex: Chlorofluorocarbons.)

a refrigerator

Joey
    $200 7
(J: Who was Herschel?)

Galileo

MichaelJoey
    $200 22
Lassie

Katie
    $200 27
Washington

Katie
    $300 3
Palm Springs

Joey
    $300 18
Matt Frewer

Triple Stumper
    $300 13
Landfills

Joey
    $300 8
Greenwich

Katie
    $300 23
L. Frank Baum

Katie
    $300 28
Grafting

Joey
    $400 4
Montmartre

Katie
    $400 19
The Simpsons

Katie
    $400 14
Carbon dioxide

Katie
    $400 9
Georgia

Katie
    $400 24
The Troll

Joey
    $400 29
Crabapples

Katie
    $500 5
Quebec City

Michael
    $500 20
Shelley Fabares

Katie
    $500 15
Love Canal

Katie
    $500 10
Governor-General

Michael
    $500 25
King Arthur

Michael
    $500 30
(K: What is Macintosh?)

Red delicious

Katie

Scores at the first commercial break (after clue 15):

Michael Joey Katie
$1,300 $1,000 $2,000

Scores at the end of the Jeopardy! Round:

Michael Joey Katie
$2,200 $1,800 $3,500

Double Jeopardy! Round responses

POLI SCI
PLAYWRIGHTS
MOUNTAINS
TITLES
U.S. HISTORY
FOREIGN WORDS & PHRASES
    $200 16
American States

Joey
    $200 21
Shakespeare

Michael
    $200 1
Colorado

Joey
    $200 11
(J: What is Vlad the Impaler?)

Count

MichaelJoey
    $200 6
John Brown

Joey
    $200 26
Adios

Katie
    $400 17
Right wing

Triple Stumper
    $400 22
Joseph Heller

Katie
    $400 2
Africa

Joey
    $400 12
Excellency

Katie
    $400 7
Valley Forge

Katie
    $400 27
obbligato

Joey
    $600 18
Caucus

Joey
    $600 23
Sam Shepard

Michael
    $600 3
Switzerland

Joey
    $600 13
(J: What is commodore?)

Admiral

MichaelJoey
    $600 8
Scopes Trial

Michael
    $600 28
Banzai

Joey
    $800 19
Marx & Engels

Katie
    $1,000 24
Euripides

Michael
    $800 4
El Capitan

Joey
    $800 14
Esquire

Katie
    $800 9
George Pullman

Katie
    $800 29
Bolshevik

Joey
    $500 20
(K: What are tyrants?)

Paper tigers

Katie
    $1000 25
Ivan Turgenev

Joey
    $1000 5
(J: What are Nepal & India?)

Nepal & Tibet

JoeyKatie
    $1000 15
Duke

Katie
    $1000 10
Jim Crow Laws

Michael
    $1000 30
(K: What is collected paper?)

Glued paper

Katie
Triple Stumper

Scores at the end of the Double Jeopardy! Round:

Michael Joey Katie
$6,400 $5,800 $7,800

[wagering suggestions for these scores]

Final Jeopardy! Round responses

GEOGRAPHY
(Alex: Tune in tomorrow for the first game of the finals. Alex Trebek, for all of us, so long!)
JoeyWhat is Alsace
$5,000
MichaelWhat is Afghanistan?
$6,399
KatieWhat is A
$5,001
Afghanistan

Final scores:

Michael Joey Katie
$12,799 $800 $2,799
Finalist 3rd place: $5,000 2nd place: $5,000

Game dynamics:

Coryat scores:

Michael Joey Katie
$6,200 $5,800 $8,800
15 R
(including 1 DD),
0 W
20 R,
4 W
20 R,
3 W
(including 2 DDs)

Combined Coryat: $20,800

[game clues] [game scores] [suggest correction]

Game tape date: 1990-04-22
The J! Archive is created by fans, for fans. Scraping, republication, monetization, and malicious use prohibited; this site may use cookies and collect identifying information. See terms. The Jeopardy! game show and all elements thereof, including but not limited to copyright and trademark thereto, are the property of Jeopardy Productions, Inc. and are protected under law. This website is not affiliated with, sponsored by, or operated by Jeopardy Productions, Inc. Join the discussion at JBoard.tv.